00541nam a2200169 450000500170000001000150001702000270003203500140005903700130007308200120008610000240009824500760012226000350019827000650023330000230029850000500032120200123121734.0 aENG-127525 c1395.00a9789382730569 aEN-111057 bDBAD/PUB a333.709 aChavan,Udhav Eknath aGeography of Enviroment and Natural Calamities/cby Udhav Eknath Chavan aKanpurbGarima Prakashanc2019 a1st floor, Mayur Park, Basant Vihar NaubastabKanpure208021 avi;328p.c22cm(hb) aincludes bibliographical references and index